005670000a22001810004500003001100000005001700011008004100028020001500069040003900084041000800123082001700131100001900148245007400167260004600241300003300287650003300320700003200353LK-CoMWRAF20240203121530.0230817t1999 ||||| |||| 00| 0 eng d a9559771914 aLK-CoMWRAFdLK-CoMWRAFeLK-CoMWRAF aeng a320.954bPOL aKaleel, M.C.M. aPolitical Winds Of Change:blegislative speeches of Dr. M.C.M. Kaleel aColombo:bAll-Ceylon Muslim league,c2002 axxii, 327 p. : ill. ; 25 cm. aPOLITICAL SPEECHES-Sri Lanka aAzwer, A. H. M.ecomp.eed.